| 000 | 00688nam a22001937a 4500 | ||
|---|---|---|---|
| 999 |
_c61866 _d61866 |
||
| 005 | 20240530162156.0 | ||
| 008 | 240530s2008 enk||||| |||| 00| 0 eng d | ||
| 020 | _a9780198564928x | ||
| 041 | _aeng | ||
| 080 | _a617.51 C-79 | ||
| 100 |
_aCorbridge, Rogan _922250 |
||
| 245 |
_aOxford Handbook of ENT and Head and Neck Surgery / _cRogan Corbridge, Nicholas Steventon. |
||
| 264 |
_aOxford : _bOxford University Press, _c2008. |
||
| 300 |
_a444 p. _bill.; _c19 cm. |
||
| 653 | _aთავისა და კისრის ქირურგია | ||
| 653 | _aმედიცინა | ||
| 700 |
_aSteventon, Nicholas _eავტორი _922251 |
||
| 942 |
_2udc _cᲬᲘᲒᲜᲘ |
||